000
00278nam a22001337a 4500
008
181018b xxu||||| |||| 00| 0 eng d
020
_a
0716718111
041
_a
eng
080
_a
591
100
_a
9
101
_a
ZOO
245
_a
The Hourse
_c
Evans.J.W
942
_2
udc
_c
BK
999
_c
50107
_d
50107